Ekonomika sociálních služeb pro osoby se zdravotním postižením

Financovanie sociálnych služieb a ich kvalita zostávajú na okraji záujmu ekonómov, čo môže byť spojené s ich orientáciou predovšetkým na spotrebu, respektíve na uspokojovanie potrieb užívateľov sociálnych služieb. Problémy financovania sociálnych služieb v Českej republike.

Gespeichert in:
Bibliographische Detailangaben
1. Verfasser: Janýška, Antonín
Format: Buchkapitel
Sprache:Tschechisch
Schlagworte:
Tags: Tag hinzufügen
Keine Tags, Fügen Sie das erste Tag hinzu!

MARC

LEADER 00000naa a2200000 4500
001 0166333
005 20221020082621.2
041 0 |a cze 
044 |a CZ 
245 1 0 |a Ekonomika sociálních služeb pro osoby se zdravotním postižením  |c Antonín Janýška 
520 |a Financovanie sociálnych služieb a ich kvalita zostávajú na okraji záujmu ekonómov, čo môže byť spojené s ich orientáciou predovšetkým na spotrebu, respektíve na uspokojovanie potrieb užívateľov sociálnych služieb. Problémy financovania sociálnych služieb v Českej republike. 
610 2 0 |a Česko 
610 2 0 |a ekonomika sociálna 
610 2 0 |a služby sociálne 
610 2 0 |a starostlivosť sociálna 
610 2 0 |a zdroje finančné 
610 2 0 |a náklady 
610 2 0 |a kvalita služieb 
100 1 |a Janýška, Antonín